00482nam a22001577a 450000500170000000800060001702000230002304000140004604100060006010000250006624500670009126000450015830000480020394200540025199900190030520250127100952.0 eng  a9780241243374qhbk aRDAc3228 2E aMandy Archer9191493 aBusy ZoobA ladybird lift-the-flap bookcMandy ArcherhEnglish aSouth AfricabPenguin Random Housec2016 a[unnumbered]bcoloured illustrationsc21 cm 2ddccBOOKw6786xChimezie Obiy6786zChimezie Obi c771797d771796